01063nam a22002657a 4500008004100000020001700041040000900058050002300067100002800090245013000118250001300248260004300261300003200304504005100336650003100387650002700418650002400445700003900469700002900508700003200537700003400569942003400603999001700637952014300654250701b |||||||| |||| 00| 0 eng d a978035744213 aMksU aHD 38.6b.L36 2022 aLangley, C. John, Jr. aSupply Chain Management : ba logistics perspective /c John Langley Jr., Robert A. Novack, Brian J. Gibson, John J. Coyle. a11th ed. a Boston, MA :bCengage Learning,c2022 axxvi, 628p. :bill. ;c26cm aIncludes bibliographical references and index. aSupply chain management.  aIndustrial management. aBusiness logistics. aLangley, C. John, Jr., eauthor. aCoyle, John J.,eauthor. aGibson, Brian J., eauthor. aNovack, Robert A., eauthor.  2lcccBOOKShHD 38.6 .L36 2022 c32266d32266 00102lcc4070aMUCbMUCcGENd2025-06-23epurchase- coporate campusg9236.00l0oHD 38.6 .L36 2022p40185r2025-07-14w2025-07-01yBOOKS